A Course in Grammar & Composition (Record no. 18105)

MARC details
000 -LEADER
fixed length control field 00358nam a2200145Ia 4500
008 - FIXED-LENGTH DATA ELEMENTS--GENERAL INFORMATION
fixed length control field 221030s9999 xx 000 0 und d
020 ## - INTERNATIONAL STANDARD BOOK NUMBER
ISBN 8175963077
041 ## - LANGUAGE CODE
Language code of text/sound track or separate title
100 ## - MAIN ENTRY--AUTHOR NAME
Personal name M. Krishnan
245 #2 - TITLE STATEMENT
Title A Course in Grammar & Composition
Statement of responsibility, etc by M. Krishnan
260 ## - PUBLICATION, DISTRIBUTION, ETC. (IMPRINT)
Name of publisher Foundation Books
Year of publication 2006
300 ## - PHYSICAL DESCRIPTION
Number of Pages 252
650 ## - SUBJECT ADDED ENTRY--TOPICAL TERM
Topical Term BB English
942 ## - ADDED ENTRY ELEMENTS (KOHA)
Koha item type Books
Holdings
Accession Number Cost, normal purchase price Source of acquisition Price effective from Koha item type Withdrawn / writtenoff status Materials specified (bound volume or other part) Damaged status Not for loan Permanent Location Current Location Shelving location Date acquired Lost/ Missing status department
BB 923 110.00 Donated By Dr. Sahil Sawhney 10/30/2022 Books   Print     MIET Library, Jammu MIET Library, Jammu BL-Academic Block B, FL-2, CUP-87, SH-3, R-3 12/14/2018   BB